Spolupráca Ruskej federácie s Európskou úniou (po vstupe Ruska do WTO) bakalárska práca

Uložené v:
Podrobná bibliografia
Hlavný autor: Hermannová, Zuzana
Korporativný autor: Obchodná fakulta EU. Katedra medzinárodného obchodu
Ďalší autori: Sopková, Gabriela
Médium: Kniha
Jazyk:Slovak
Vydavateľské údaje: Bratislava 2014
Tagy: Pridať tag
Žiadne tagy, Buďte prvý, kto otaguje tento záznam!

MARC

LEADER 00000nbm a2200000 4500
001 0188204
005 20170201100525.9
041 0 |a slo 
044 |a SK 
245 1 0 |a Spolupráca Ruskej federácie s Európskou úniou (po vstupe Ruska do WTO)  |b bakalárska práca  |c Zuzana Hermannová ; školiteľ: Gabriela Sopková 
264 1 |a Bratislava  |c 2014 
300 |a 51 s. 
100 1 |a Hermannová, Zuzana 
700 1 |a Sopková, Gabriela 
710 2 |a Obchodná fakulta EU. Katedra medzinárodného obchodu